000 00433nam a2200169 a 4500
001 0000-8932
003 ELIB.Books
008 110520 1947
035 _a(ELIB.Books)0000-9080
082 _aB
_bCla
100 _aClark, Glenn
245 _aTouchdowns for the Lord
260 _bMinnesota: Macalester Park Publishing Company
_c1947
650 _aBiography
942 _2ddc
_cBK
998 _cbat
_e2011-05-20
999 _c8932
_d8932